000 00249nam a2200109Ia 4500
008 200302s9999 xx 000 0 und d
100 _aLionel Casson
245 _aAncient Egypt
260 _bTime-Life Books Inc.
260 _c1965
300 _a192 P.,
999 _c2244
_d2244